[Event "?"]
[Site "?"]
[Date "2016.08.14"]
[Round "4.23"]
[White "Rokitta, Uwe"]
[Black "Müdder, Melanie"]
[Result "0-1"]
[WhiteElo "1908"]
[BlackElo "1503"]
[PlyCount "56"]
[EventDate "2016.??.??"]
[WhiteTeam "SF Lohmar"]
[BlackTeam "SG Solingen"]

1. e4 c5 2. d4 cxd4 3. c3 dxc3 4. Nxc3 Nc6 5. Nf3 e6 6. Bc4 Nge7 7. O-O Ng6 8.
Bb3 a6 9. a4 Bc5 10. Bd2 O-O 11. Rc1 b6 12. Ne2 Bb7 13. Ng3 Qc7 14. Re1 Rad8
15. Ba2 Qb8 16. Be3 Bxe3 17. Rxe3 Nb4 18. Bb1 Ne5 19. Nd2 a5 20. Nh5 Ng6 21.
Rg3 d5 22. Qe2 dxe4 23. Nxe4 Qe5 24. Re1 Qd4 25. Rg4 Bxe4 26. Rxe4 Qd2 27. Qb5
Rd5 28. Nf6+ gxf6 0-1

[Event "?"]
[Site "?"]
[Date "2016.08.14"]
[Round "4.24"]
[White "Rudolph, Eva"]
[Black "Spindler, Florian"]
[Result "0-1"]
[WhiteElo "1566"]
[BlackElo "1906"]
[PlyCount "86"]
[EventDate "2016.??.??"]
[WhiteTeam "Düsseldorfer SK"]
[BlackTeam "SG Porz"]

1. e4 c5 2. Nc3 d6 3. f4 Nc6 4. Bb5 Bd7 5. Nf3 a6 6. Bxc6 Bxc6 7. O-O e6 8. d3
b5 9. Qe1 Nf6 10. e5 Bxf3 11. Rxf3 dxe5 12. fxe5 Nd5 13. Ne4 h6 14. c3 Qc7 15.
Bd2 Be7 16. d4 c4 17. Qf2 f5 18. exf6 gxf6 19. h3 f5 20. Nc5 Bxc5 21. dxc5
O-O-O 22. Re1 Rde8 23. Qd4 Qc6 24. Bf4 Nxf4 25. Rxf4 Rhg8 26. Rf2 Rg6 27. Qd6
Qxd6 28. cxd6 Rd8 29. Rd2 Kd7 30. Kf2 Rdg8 31. Kf1 h5 32. Re5 Rc8 33. Kf2 Rc6
34. Kf3 Rxd6 35. Rxd6+ Kxd6 36. Re2 e5 37. g3 Rh6 38. Rd2+ Ke7 39. Rd1 Rd6 40.
Re1 Rd3+ 41. Re3 Rxe3+ 42. Kxe3 h4 43. g4 fxg4 0-1

[Event "?"]
[Site "?"]
[Date "2016.08.14"]
[Round "4.25"]
[White "Krohn, Malte Till"]
[Black "Seidel, Florian"]
[Result "1/2-1/2"]
[WhiteElo "1831"]
[BlackElo "1803"]
[PlyCount "52"]
[EventDate "2016.??.??"]
[WhiteTeam "PTSVAachen"]
[BlackTeam "SK Köln-Worringen"]

1. d4 f5 2. g3 Nf6 3. Bg2 e6 4. c4 Be7 5. e3 O-O 6. Ne2 d6 7. O-O e5 8. Nbc3
Qe8 9. b4 Qh5 10. dxe5 dxe5 11. Nd5 Bd8 12. Nec3 Qxd1 13. Rxd1 c6 14. Nxf6+
Bxf6 15. Bb2 Be6 16. Bf1 Na6 17. Rd6 Nc7 18. a3 e4 19. Na4 Rad8 20. Rad1 Rxd6
21. Rxd6 Rd8 22. Rxd8+ Bxd8 23. Nc5 Bc8 24. a4 b6 25. Nb3 Be6 26. a5 Na6
1/2-1/2

[Event "?"]
[Site "?"]
[Date "2016.08.14"]
[Round "4.26"]
[White "Runte, Dirk"]
[Black "Hajek, Florian"]
[Result "1/2-1/2"]
[WhiteElo "1758"]
[BlackElo "1815"]
[PlyCount "116"]
[EventDate "2016.??.??"]
[WhiteTeam "Fideler Bauer Leverkusen"]
[BlackTeam "Pulheimer SC"]

1. e4 e5 2. Nf3 Nc6 3. d4 exd4 4. Nxd4 g6 5. Bc4 Bg7 6. Be3 Nge7 7. c3 O-O 8.
O-O Na5 9. Be2 d5 10. Nd2 dxe4 11. Nxe4 Nf5 12. Nxf5 Bxf5 13. Qa4 b6 14. Rad1
Qe8 15. Qxe8 Rfxe8 16. Ng3 Be6 17. Bf3 Rad8 18. b3 c5 19. Ne4 Bd5 20. Bg5 Rd7
21. c4 Bc6 22. Nf6+ Bxf6 23. Bxf6 Rxd1 24. Rxd1 Bxf3 25. gxf3 Nc6 26. Kf1 Kf8
27. Rd7 Re6 28. Bb2 Re7 29. Rd2 Ke8 30. Bc3 Rd7 31. Re2+ Re7 32. Re3 Re6 33.
Ke2 Kd7 34. a3 f5 35. f4 a6 36. Be5 g5 37. Kd3 gxf4 38. Bxf4 Rxe3+ 39. fxe3 h5
40. Kc3 Ne7 41. h3 Kc6 42. Bg5 Nc8 43. Bf4 Ne7 44. Kd3 b5 45. Kc3 Nc8 46. b4
bxc4 47. Kxc4 Nb6+ 48. Kc3 Kd5 49. bxc5 Kxc5 50. Bh6 Nc4 51. Kb3 Kb5 52. Bg5
Nd2+ 53. Kc2 Ne4 54. h4 Kc4 55. Be7 a5 56. Bd8 a4 57. Bc7 Nc5 58. Bb6 Nd3
1/2-1/2

[Event "?"]
[Site "?"]
[Date "2016.08.14"]
[Round "4.27"]
[White "Stuch, Hans-Ferdinand"]
[Black "Karwatzki, Hans-Jürgen"]
[Result "1/2-1/2"]
[WhiteElo "1773"]
[BlackElo "1664"]
[PlyCount "77"]
[EventDate "2016.??.??"]
[WhiteTeam "SC Bonn Beuel"]
[BlackTeam "SF Stadtverwaltung Bonn"]

1. e4 e5 2. Nf3 Nc6 3. Bc4 Nf6 4. d3 Bc5 5. Nc3 d6 6. Bg5 h6 7. Bh4 g5 8. Bg3
a6 9. h3 b5 10. Bb3 Nd4 11. Nxd4 Bxd4 12. Qd2 c6 13. Nd1 a5 14. c3 Bb6 15. Ne3
Nh5 16. Rf1 a4 17. Bc2 Nf4 18. Bxf4 gxf4 19. Nd1 Qh4 20. d4 Rg8 21. dxe5 dxe5
22. Qd6 Rg6 23. Qxe5+ Re6 24. Qh8+ Ke7 25. e5 Bb7 26. Qg7 Qg5 27. Qxg5+ hxg5
28. Kd2 Rxe5 29. g3 Rd8+ 30. Kc1 Re2 31. gxf4 gxf4 32. h4 Rdd2 33. Be4 Bc8 34.
h5 Bg4 35. h6 Kf8 36. h7 Kg7 37. h8=Q+ Kxh8 38. Rh1+ Kg7 39. Rg1 1/2-1/2

[Event "?"]
[Site "?"]
[Date "2016.08.14"]
[Round "5.1"]
[White "Buscher, Michael"]
[Black "Baltic, Fatih"]
[Result "1/2-1/2"]
[WhiteElo "2401"]
[BlackElo "2103"]
[PlyCount "82"]
[EventDate "2016.??.??"]
[WhiteTeam "DJK Aufwärts Aachen"]
[BlackTeam "SG Bochum"]

1. e4 c5 2. Nf3 d6 3. c3 Nf6 4. Be2 g6 5. O-O Bg7 6. Re1 O-O 7. Bf1 Bg4 8. h3
Bxf3 9. Qxf3 Nc6 10. Na3 e5 11. d3 d5 12. exd5 Qxd5 13. Qxd5 Nxd5 14. g3 h6 15.
Nc4 Rad8 16. Ne3 Nde7 17. Rd1 Rd7 18. Be2 Rfd8 19. Kf1 b6 20. Ke1 Kh7 21. Kd2
Nd5 22. Nxd5 Rxd5 23. Kc2 Ne7 24. Bd2 Nf5 25. Be1 Kg8 26. a3 Bf8 27. b4 Ng7 28.
b5 c4 29. dxc4 Rxd1 30. Bxd1 Bc5 31. Bf3 Nf5 32. a4 Ne7 33. a5 Kg7 34. axb6
axb6 35. Ra7 Kf6 36. Be4 Ke6 37. f3 f5 38. Bd3 Kf6 39. Bd2 g5 40. g4 e4 41.
fxe4 f4 1/2-1/2

[Event "?"]
[Site "?"]
[Date "2016.08.14"]
[Round "5.2"]
[White "Schmidt, Johannes"]
[Black "Gramb, Marius"]
[Result "1/2-1/2"]
[WhiteElo "2145"]
[BlackElo "2128"]
[PlyCount "39"]
[EventDate "2016.??.??"]
[WhiteTeam "SC Illingen"]
[BlackTeam "Brühler SK"]

1. e4 c5 2. Nf3 d6 3. d4 cxd4 4. Qxd4 Nf6 5. e5 Nc6 6. Bb5 Qa5+ 7. Nc3 Qxb5 8.
Nxb5 Nxd4 9. Nfxd4 dxe5 10. Nc7+ Kd7 11. Nxa8 exd4 12. Bf4 e5 13. Bxe5 Bd6 14.
Bxd4 Kc6 15. Bxa7 Be6 16. Nb6 Bb4+ 17. c3 Bc5 18. O-O Bxb6 19. Bxb6 Kxb6 20.
Rfd1 1/2-1/2

[Event "?"]
[Site "?"]
[Date "2016.08.14"]
[Round "5.3"]
[White "Bausch, Thomas"]
[Black "Stark, Lars"]
[Result "1-0"]
[WhiteElo "2037"]
[BlackElo "2379"]
[PlyCount "103"]
[EventDate "2016.??.??"]
[WhiteTeam "Pulheimer SC"]
[BlackTeam "Düsseldorfer SK"]

1. e4 e6 2. d4 d5 3. Nc3 Nf6 4. e5 Nfd7 5. f4 c5 6. Nf3 Be7 7. Be3 O-O 8. dxc5
Nxc5 9. Qd2 Nc6 10. a3 a6 11. Qf2 b6 12. Nd4 Qc7 13. Nxc6 Qxc6 14. Bd3 f6 15.
Qg3 Nxd3+ 16. cxd3 fxe5 17. fxe5 Bd7 18. Rc1 Rac8 19. Bh6 Rf7 20. Rf1 Rxf1+ 21.
Kxf1 Bf8 22. Be3 Be8 23. Ne2 Qd7 24. Rxc8 Qxc8 25. Bxb6 Qc2 26. Bd4 Bg6 27. Nf4
Bf5 28. h4 Qd1+ 29. Kf2 Be7 30. Nxd5 Qd2+ 31. Kg1 exd5 32. e6 Bg6 33. Qe5 Qc1+
34. Kh2 Qh6 35. Qb8+ Bf8 36. Bc5 Qxh4+ 37. Kg1 Qe1+ 38. Kh2 h5 39. Qxf8+ Kh7
40. e7 Qe5+ 41. Kh1 Qe1+ 42. Kh2 Qe5+ 43. Kh1 Qe6 44. Bb4 d4 45. Qd8 Qe3 46.
Qa8 Qc1+ 47. Kh2 Qf4+ 48. Kh1 Qf1+ 49. Kh2 Qf4+ 50. Kh1 Qc1+ 51. Kh2 Qg5 52.
e8=Q 1-0

[Event "?"]
[Site "?"]
[Date "2016.08.14"]
[Round "5.4"]
[White "Whitmire, James David"]
[Black "Bussard, Christian"]
[Result "1/2-1/2"]
[WhiteElo "1915"]
[BlackElo "2195"]
[PlyCount "134"]
[EventDate "2016.??.??"]
[WhiteTeam "PTSVAachen"]
[BlackTeam "SG Niederkassel"]

1. d4 Nf6 2. Nf3 e6 3. e3 b6 4. Bd3 Bb7 5. Nbd2 Be7 6. e4 d6 7. O-O c5 8. c3
Nc6 9. Re1 O-O 10. a3 Rc8 11. Qe2 cxd4 12. cxd4 e5 13. b4 exd4 14. Bb2 Ne5 15.
Nxd4 Nxd3 16. Qxd3 Re8 17. Nf5 Bf8 18. Qg3 Kh8 19. Qf4 Ng8 20. Qg4 Nf6 21. Qh4
Nxe4 22. Qg4 Nf6 23. Qg5 Re6 24. Re3 Ne8 25. Qh5 Kg8 26. Rh3 h6 27. Rg3 Rc2 28.
Bc3 Rxc3 29. Rxc3 Qf6 30. Rac1 Re5 31. g4 Qe6 32. Qh3 Re1+ 33. Rxe1 Qxe1+ 34.
Nf1 Qe4 35. N5g3 Qd5 36. Ne3 Qd4 37. Ne2 Qf6 38. Rd3 Be4 39. Rd2 Qa1+ 40. Nf1
Nf6 41. Qc3 Qb1 42. h3 Bg6 43. Nf4 Ne4 44. Qb2 Nxd2 45. Qxd2 Be4 46. Nd5 Qb3
47. Nc3 Bb7 48. Qc1 Qc4 49. Ne3 Qf4 50. Qd1 g6 51. Ncd5 Qg5 52. Qd4 Bg7 53. Qe4
Kh7 54. Nf6+ Qxf6 55. Qxb7 Qa1+ 56. Kh2 Qa2 57. Kg2 Qxa3 58. Nd5 Qd3 59. Qxf7
Qe4+ 60. Kg1 Qe1+ 61. Kg2 Qe5 62. Ne7 Qe4+ 63. Kg3 h5 64. g5 h4+ 65. Kh2 Qe5+
66. f4 Qe2+ 67. Kg1 Qe1+ {Notationen beide nicht lesbar und lückenhaft.
Partie endete nach 77 Zügen.} 1/2-1/2

[Event "?"]
[Site "?"]
[Date "2016.08.14"]
[Round "5.5"]
[White "Arlt, Klaus"]
[Black "Evers, Leo"]
[Result "0-1"]
[WhiteElo "2054"]
[BlackElo "2054"]
[PlyCount "124"]
[EventDate "2016.??.??"]
[WhiteTeam "Ford SF Köln"]
[BlackTeam "SG Porz"]

1. c4 c5 2. Nf3 Nc6 3. Nc3 g6 4. g3 Bg7 5. Bg2 e6 6. O-O Nge7 7. d3 O-O 8. Be3
d6 9. Qc1 b6 10. Bh6 Bb7 11. Ne4 f5 12. Bxg7 Kxg7 13. Nc3 Qd7 14. h4 Nd4 15.
Ne1 Bxg2 16. Nxg2 Rab8 17. Qd1 e5 18. e3 Ne6 19. f4 Ng8 20. Nd5 Nh6 21. Qc2 Nc7
22. Qc3 Nxd5 23. cxd5 Kg8 24. h5 Ng4 25. Rae1 b5 26. b3 Rbe8 27. e4 Qg7 28.
fxe5 Nxe5 29. Rc1 gxh5 30. exf5 b4 31. Qd2 Qxg3 32. f6 Qxd3 33. Qxd3 Nxd3 34.
Rc4 Rf7 35. Rf3 Ne5 36. Rg3+ Kh8 37. Rh4 Rxf6 38. Rxh5 Rg8 39. Kh2 Rf1 40.
Rxg8+ Kxg8 41. Ne3 Rf2+ 42. Kg1 Rxa2 43. Rh6 Ng6 44. Nc4 Ra1+ 45. Kf2 Rd1 46.
Rh5 Ne7 47. Rg5+ Kf8 48. Nxd6 Rxd5 49. Rxd5 Nxd5 50. Ne4 Kf7 51. Nxc5 Kf6 52.
Nd7+ Kf5 53. Nb8 Ke4 54. Nc6 a6 55. Nb8 a5 56. Na6 Kd4 57. Ke2 h5 58. Kf3 Nf6
59. Kg3 Ne4+ 60. Kh4 Nc5 61. Nb8 Nxb3 62. Kxh5 a4 0-1

[Event "?"]
[Site "?"]
[Date "2016.08.14"]
[Round "5.6"]
[White "Lindam, Ingo"]
[Black "Weiler, Wolfgang"]
[Result "1-0"]
[WhiteElo "2078"]
[BlackElo "2047"]
[PlyCount "47"]
[EventDate "2016.??.??"]
[WhiteTeam "Kölner SK Dr. Lasker"]
[BlackTeam "Godesberger SK"]

1. d4 Nf6 2. Bg5 c5 3. Nc3 cxd4 4. Qxd4 Nc6 5. Qh4 Qa5 6. O-O-O h6 7. Nf3 d6 8.
e4 Be6 9. a3 Nh7 10. Bd2 g5 11. Qg3 Rc8 12. Nb5 Qd8 13. Bc3 Rg8 14. e5 d5 15.
Bd3 f5 16. exf6 Nxf6 17. Bxf6 exf6 18. Rhe1 Kf7 19. Rxe6 Kxe6 20. Qg4+ Kf7 21.
Qh5+ Ke6 22. Bf5+ Kxf5 23. Re1 Bc5 24. Nh4+ 1-0

[Event "?"]
[Site "?"]
[Date "2016.08.14"]
[Round "5.7"]
[White "Scharfenberg, Michael"]
[Black "Müdder, Rafael"]
[Result "1-0"]
[WhiteElo "2196"]
[BlackElo "2030"]
[PlyCount "115"]
[EventDate "2016.??.??"]
[WhiteTeam "SK Köln-Worringen"]
[BlackTeam "Rheydter SV"]

1. e4 c5 2. Nf3 Nc6 3. d4 cxd4 4. Nxd4 e5 5. Nb5 a6 6. Nd6+ Bxd6 7. Qxd6 Qf6 8.
Qc7 Nge7 9. Nc3 Nb4 10. Bd3 d5 11. O-O d4 12. Ne2 Nxd3 13. cxd3 Nc6 14. f4 Qe7
15. Qxe7+ Kxe7 16. Bd2 Bg4 17. Ng3 exf4 18. Rxf4 Be6 19. Nf5+ Bxf5 20. exf5 f6
21. Re1+ Kf7 22. Rfe4 Rhe8 23. a3 Re5 24. g4 Rxe4 25. Rxe4 Ne5 26. Kf1 Rd8 27.
Ke2 Rd7 28. h3 Re7 29. Bb4 Rc7 30. Kd2 Rd7 31. Bc5 Nc6 32. b4 Rd5 33. Kc2 Re5
34. a4 b5 35. a5 g6 36. fxg6+ hxg6 37. Rxe5 fxe5 38. h4 Nd8 39. Bd6 Kf6 40. Bf8
Ne6 41. Bh6 g5 42. hxg5+ Nxg5 43. Kd2 Ne6 44. Ke2 Kg6 45. Bd2 Nf4+ 46. Kf3 Nxd3
47. Ke4 Nf2+ 48. Kxe5 Nxg4+ 49. Kxd4 Kf6 50. Kc5 Ke6 51. Kb6 Kd6 52. Kxa6 Kc6
53. Ka7 Nf6 54. Kb8 Nd7+ 55. Kc8 Ne5 56. Be3 Nc4 57. Bf2 Nd6+ 58. Kb8 1-0

[Event "?"]
[Site "?"]
[Date "2016.08.14"]
[Round "5.8"]
[White "Heinichen, Nils"]
[Black "Kiehn, Andreas"]
[Result "1-0"]
[WhiteElo "2113"]
[BlackElo "1926"]
[PlyCount "61"]
[EventDate "2016.??.??"]
[WhiteTeam "SV Würselen"]
[BlackTeam "Pulheimer SC"]

1. d4 Nf6 2. Nf3 e6 3. c4 b6 4. a3 Bb7 5. g3 Be7 6. Bg2 O-O 7. O-O d6 8. Nc3
Ne4 9. Qc2 Nxc3 10. Qxc3 Nd7 11. Re1 c5 12. e4 cxd4 13. Nxd4 Qc7 14. Be3 Rac8
15. Rac1 Ne5 16. b3 Bf6 17. Qd2 Rfd8 18. h3 a6 19. f4 Nd7 20. b4 Qb8 21. Qf2
Qa8 22. Bd2 d5 23. cxd5 exd5 24. e5 Be7 25. Qe2 Rxc1 26. Bxc1 a5 27. e6 Bf6 28.
Nf5 fxe6 29. Qxe6+ Kh8 30. Nd6 Bd4+ 31. Kh2 1-0

[Event "?"]
[Site "?"]
[Date "2016.08.14"]
[Round "5.9"]
[White "Asadzade, Idris"]
[Black "Suvorov, Alexander"]
[Result "1/2-1/2"]
[WhiteElo "1760"]
[BlackElo "2059"]
[PlyCount "49"]
[EventDate "2016.??.??"]
[WhiteTeam "Königsspringer Leverkusen"]
[BlackTeam "SG Porz"]

1. Nf3 Nf6 2. c4 e5 3. g3 g6 4. Bg2 Bg7 5. O-O O-O 6. d4 exd4 7. Nxd4 Nc6 8.
Nc3 Nxd4 9. Qxd4 d6 10. Qd2 c6 11. b3 Rb8 12. Bb2 b5 13. cxb5 cxb5 14. Nd5 Nxd5
15. Bxg7 Kxg7 16. Qxd5 Qb6 17. Rfd1 Bb7 18. Qd4+ Qxd4 19. Rxd4 Bxg2 20. Kxg2
Rfc8 21. Rb4 Kf6 22. a4 bxa4 23. Rxb8 Rxb8 24. bxa4 Ra8 25. Kf3 1/2-1/2

[Event "?"]
[Site "?"]
[Date "2016.08.14"]
[Round "5.11"]
[White "Bießner, Eberhard"]
[Black "Gülsen, Taylan"]
[Result "0-1"]
[WhiteElo "1843"]
[BlackElo "2063"]
[PlyCount "110"]
[EventDate "2016.??.??"]
[WhiteTeam "Rheydter SV"]
[BlackTeam "SG Niederkassel"]

1. e4 e5 2. Nf3 d6 3. d4 exd4 4. Nxd4 Nf6 5. Nc3 Be7 6. Be2 O-O 7. O-O Re8 8.
Kh1 Bf8 9. f3 Nbd7 10. Bg5 c6 11. Qd2 Qa5 12. Rad1 h6 13. Bh4 Qh5 14. Bg3 Ne5
15. f4 Neg4 16. Bf3 Qg6 17. f5 Qh7 18. h3 Ne5 19. Nde2 d5 20. exd5 Nxf3 21.
Rxf3 Bxf5 22. dxc6 bxc6 23. Rdf1 Bxc2 24. Bh4 Be7 25. Re3 Rad8 26. Qe1 Ne4 27.
Nxe4 Bxh4 28. Qxh4 Bxe4 29. Nc3 Bd5 30. Nxd5 cxd5 31. Rxe8+ Rxe8 32. Qd4 Qe4
33. Qxa7 f5 34. Qd7 Re5 35. Rd1 f4 36. Qg4 Rg5 37. Qf3 Rg3 38. Qxe4 dxe4 39.
Re1 e3 40. Kh2 Rg6 41. Re2 Re6 42. h4 g5 43. hxg5 hxg5 44. Kh3 Kg7 45. Kg4 Kf6
46. b4 Re4 47. a3 Rd4 48. Kf3 Kf5 49. g4+ Ke5 50. b5 Kd6 51. Rb2 Kc7 52. b6+
Kb7 53. Rb5 Rd2 54. Rb1 Rf2+ 55. Ke4 e2 0-1

[Event "?"]
[Site "?"]
[Date "2016.08.14"]
[Round "5.12"]
[White "Hoffmann, Philipp"]
[Black "Spiesberger, Gerhard"]
[Result "0-1"]
[WhiteElo "1845"]
[BlackElo "2063"]
[PlyCount "89"]
[EventDate "2016.??.??"]
[WhiteTeam "Oberbilker SV"]
[BlackTeam "SC Rottal-Inn"]

1. e4 e5 2. f4 Bc5 3. Nf3 d6 4. Bc4 Nf6 5. Nc3 Nc6 6. d3 Bg4 7. Na4 Nd4 8. Nxc5
Bxf3 9. gxf3 dxc5 10. fxe5 Nd7 11. Bf4 Qh4+ 12. Bg3 Qh3 13. Rf1 h5 14. c3 h4
15. Bf4 g5 16. Bxg5 Qxh2 17. cxd4 Qg3+ 18. Kd2 Qxg5+ 19. f4 Qh6 20. Qg4 O-O-O
21. Bxf7 Qb6 22. dxc5 Qb4+ 23. Ke2 Kb8 24. c6 Qxb2+ 25. Ke3 Nb6 26. Rad1 h3 27.
Rh1 h2 28. Rd2 Qd4+ 29. Kf3 Rdf8 30. Bb3 Qxe5 31. Rhxh2 Rxh2 32. Rxh2 Qc3 33.
Ke3 Rd8 34. Rd2 bxc6 35. Qg5 Qd4+ 36. Kf3 Rh8 37. Qg2 Qd7 38. f5 Qd4 39. Be6
Rh4 40. Bb3 Kb7 41. Be6 Qh8 42. Rf2 Qh6 43. Ke2 Rh3 44. Kf1 Qc1+ 45. Ke2 0-1

[Event "?"]
[Site "?"]
[Date "2016.08.14"]
[Round "5.13"]
[White "Renner, Michael"]
[Black "Freundlieb, Thomas"]
[Result "0-1"]
[WhiteElo "1733"]
[BlackElo "2047"]
[PlyCount "90"]
[EventDate "2016.??.??"]
[WhiteTeam "Fideler Bauer Leverkusen"]
[BlackTeam "SG Niederkassel"]

1. Nf3 d6 2. g3 e5 3. Nc3 Nf6 4. d3 Be7 5. Bg2 Nbd7 6. O-O c6 7. e4 O-O 8. Qe2
b5 9. a3 a6 10. b4 Qc7 11. Bb2 Bb7 12. d4 Rfe8 13. Rfe1 Bf8 14. Rad1 Nb6 15.
Qd3 Nc4 16. Bc1 h6 17. Nd2 Nxd2 18. Bxd2 exd4 19. Qxd4 c5 20. bxc5 dxc5 21. Qd3
Rad8 22. Nd5 Nxd5 23. exd5 Bd6 24. Bc3 Qd7 25. Re3 Rxe3 26. fxe3 Re8 27. e4 Be5
28. Re1 Qd6 29. Bxe5 Qxe5 30. Kf2 Bc8 31. h3 f5 32. Re2 fxe4 33. Bxe4 Rf8+ 34.
Kg2 Qf6 35. Qf3 Bf5 36. Bxf5 Qxf5 37. Qxf5 Rxf5 38. Rd2 Kf7 39. g4 Rf6 40. Kg3
Ke7 41. c4 bxc4 42. Rc2 Kd6 43. Rxc4 Kxd5 44. Ra4 c4 45. Rb4 c3 0-1

[Event "?"]
[Site "?"]
[Date "2016.08.14"]
[Round "5.14"]
[White "Langner, Jasper"]
[Black "Esser, Thomas"]
[Result "0-1"]
[WhiteElo "1657"]
[BlackElo "2009"]
[PlyCount "48"]
[EventDate "2016.??.??"]
[WhiteTeam "Klub Kölner SF"]
[BlackTeam "PTSVAachen"]

1. e4 c5 2. Nf3 e6 3. c3 Nf6 4. e5 Nd5 5. d4 cxd4 6. cxd4 d6 7. Be2 Nc6 8. O-O
Be7 9. Nbd2 dxe5 10. dxe5 O-O 11. Re1 b6 12. Nc4 Bb7 13. Bd2 Rc8 14. a3 a6 15.
g3 b5 16. Ne3 Nb6 17. Bc3 Na4 18. Rc1 Nxc3 19. Rxc3 Qb6 20. Rd3 Rfd8 21. Qb1
Bc5 22. b4 Bd4 23. Nxd4 Nxd4 24. Bg4 Be4 0-1

[Event "?"]
[Site "?"]
[Date "2016.08.14"]
[Round "5.15"]
[White "Paulus, Jeffrey"]
[Black "Engel, Johann"]
[Result "0-1"]
[WhiteElo "2004"]
[BlackElo "1771"]
[PlyCount "118"]
[EventDate "2016.??.??"]
[WhiteTeam "SG Porz"]
[BlackTeam "Brühler SK"]

1. d4 Nf6 2. c4 g6 3. Nc3 Bg7 4. e4 d6 5. f4 O-O 6. Nf3 Nbd7 7. e5 Ne8 8. c5 c6
9. b4 d5 10. Bd3 f5 11. Ng5 Nc7 12. h4 h5 13. Qc2 Nb8 14. g4 hxg4 15. h5 Ne6
16. h6 Nxg5 17. fxg5 Bh8 18. Bf4 Kh7 19. Qe2 Be6 20. a4 Qc7 21. O-O Nd7 22. Kg2
Rfb8 23. Rfb1 Qd8 24. b5 Qc7 25. Kg3 Nf8 26. Nd1 Kg8 27. Qc2 Kf7 28. Ne3 Qd7
29. Ra3 Qc8 30. bxc6 bxc6 31. Rab3 Ke8 32. a5 Rxb3 33. Rxb3 Rb8 34. a6 Nd7 35.
Rxb8 Qxb8 36. Nxg4 fxg4 37. Bxg6+ Kd8 38. Bf5 Bxf5 39. Qxf5 Qb3+ 40. Kxg4 Qd1+
41. Kh4 Qh1+ 42. Qh3 Qxh3+ 43. Kxh3 e6 44. Kg4 Ke7 45. g6 Kf8 46. Bg5 Kg8 47.
Bd8 Bg7 48. Kg5 Bxh6+ 49. Kxh6 Nb8 50. Bb6 Nxa6 51. Bxa7 Nc7 52. g7 Nb5 53. Bb6
Nxd4 54. Kg6 Nb3 55. Bd8 Nxc5 56. Bg5 Nd7 57. Bf4 c5 58. Kh6 d4 59. Kg6 c4 0-1

[Event "?"]
[Site "?"]
[Date "2016.08.14"]
[Round "5.16"]
[White "Speck, Stefan"]
[Black "Schmidt, Bodo"]
[Result "1-0"]
[WhiteElo "2002"]
[BlackElo "1811"]
[PlyCount "67"]
[EventDate "2016.??.??"]
[WhiteTeam "SC Solingen 28"]
[BlackTeam "SK Köln-Worringen"]

1. e4 c6 2. d4 d5 3. Nc3 dxe4 4. Nxe4 Bf5 5. Ng3 Bg6 6. N1e2 e6 7. h4 h6 8. Nf4
Bh7 9. c3 Nd7 10. Be2 Ngf6 11. Ngh5 Nxh5 12. Nxh5 Nf6 13. Qb3 Nxh5 14. Bxh5 Qd7
15. Bf4 b6 16. Bf3 Bd6 17. Be3 O-O 18. g4 f5 19. g5 f4 20. Bd2 Bf5 21. gxh6
gxh6 22. Rg1+ Kh7 23. Bg4 Bxg4 24. Rxg4 Rg8 25. Qc2+ Kh8 26. Rxg8+ Rxg8 27.
O-O-O Qf7 28. Qe4 c5 29. dxc5 bxc5 30. c4 Bf8 31. Bxf4 Bg7 32. Be5 Qxf2 33.
Bxg7+ Kxg7 34. Qe5+ 1-0

[Event "?"]
[Site "?"]
[Date "2016.08.14"]
[Round "5.18"]
[White "Müdder, Melanie"]
[Black "Spindler, Florian"]
[Result "0-1"]
[WhiteElo "1503"]
[BlackElo "1906"]
[PlyCount "170"]
[EventDate "2016.??.??"]
[WhiteTeam "SG Solingen"]
[BlackTeam "SG Porz"]

1. e4 c5 2. Nc3 e6 3. f4 d5 4. Nf3 Nc6 5. g3 Nf6 6. d3 dxe4 7. Nxe4 Nxe4 8.
dxe4 Qxd1+ 9. Kxd1 b6 10. Bg2 Ba6 11. Bd2 Be7 12. Bc3 O-O 13. Ke1 Rad8 14. Kf2
Rd7 15. Rhd1 Rfd8 16. Rd2 Rxd2+ 17. Bxd2 c4 18. c3 e5 19. Bf1 f5 20. Be3 exf4
21. Bxf4 fxe4 22. Nd2 Bc5+ 23. Ke2 e3 24. Ne4 Be7 25. Bxe3 Ne5 26. Nf2 Bb7 27.
Bf4 Nf3 28. h3 Ng1+ 29. Ke1 Nf3+ 30. Ke2 Bc5 31. Nd1 Ng1+ 32. Ke1 b5 33. Be3
Bxe3 34. Nxe3 Nf3+ 35. Kf2 Rd2+ 36. Be2 Rxb2 37. Rd1 Rd2 38. Nf5 Rxd1 39. Bxd1
Ng5 40. h4 Ne4+ 41. Ke3 Nxc3 42. Bg4 Nxa2 43. Nd4 a6 44. Nc2 Nc3 45. Kd4 Na4
46. Nb4 Kf7 47. Bd1 Nb6 48. Kc5 Nd7+ 49. Kd6 a5 50. Nc2 Ke8 51. Bg4 Nf6 52. Bd1
Ne4+ 53. Kc7 Bd5 54. Kb6 a4 55. Kxb5 Nf2 56. Be2 Be4 57. Nb4 c3 58. Kxa4 c2 59.
Na2 Ke7 60. Kb4 Kd6 61. Kc3 Nh1 62. g4 Ke5 63. Kd2 Kf4 64. Nc1 Nf2 65. g5 Kg3
66. h5 Bf5 67. Bc4 Nh3 68. g6 h6 69. Ne2+ Kg4 70. Nd4 Nf4 71. Kc1 Kg5 72. Nxc2
Bxc2 73. Kxc2 Nxh5 74. Bd3 Nf4 75. Be4 Nxg6 76. Kd2 Ne5 77. Ke2 Kf4 78. Ba8 g5
79. Kf2 h5 80. Bb7 g4 81. Bh1 Nf3 82. Bg2 h4 83. Bh1 h3 84. Bxf3 gxf3 85. Kg1
Ke3 0-1

[Event "?"]
[Site "?"]
[Date "2016.08.14"]
[Round "5.19"]
[White "Hertling, Jürgen"]
[Black "Suvorov, Luca"]
[Result "0-1"]
[WhiteElo "1842"]
[BlackElo "1997"]
[PlyCount "66"]
[EventDate "2016.??.??"]
[WhiteTeam "SF Köln-Mülheim"]
[BlackTeam "SG Porz"]

1. d4 Nf6 2. c4 g6 3. Nc3 Bg7 4. Nf3 O-O 5. e4 d6 6. Be2 Nbd7 7. O-O e5 8. Be3
Qe7 9. Qc2 c6 10. b4 h6 11. d5 Ng4 12. Qd2 Nxe3 13. Qxe3 c5 14. a3 b6 15. h3 a6
16. Nd2 f5 17. exf5 gxf5 18. f4 e4 19. Kh1 Bd4 20. Qg3+ Kh7 21. Rac1 Rg8 22.
Qh2 Qg7 23. Ndb1 Nf6 24. Nd1 Bd7 25. Nd2 Be8 26. Nb3 Bh5 27. Nxd4 cxd4 28. Bxh5
Nxh5 29. Rf2 Ng3+ 30. Kg1 e3 31. Ra2 d3 32. Nxe3 Qd4 33. Kf2 Rae8 0-1

[Event "?"]
[Site "?"]
[Date "2016.08.14"]
[Round "5.20"]
[White "Michels, Holger"]
[Black "Schwark, Mario"]
[Result "1-0"]
[WhiteElo "1814"]
[BlackElo "1958"]
[PlyCount "75"]
[EventDate "2016.??.??"]
[WhiteTeam "SG Mörsdorf-Lahr"]
[BlackTeam "SG Kalker/Deutzer"]

1. c4 Nf6 2. Nc3 c5 3. g3 e5 4. Bg2 Nc6 5. d3 d6 6. a3 Be7 7. Bd2 O-O 8. Nf3
Rb8 9. Rb1 d5 10. cxd5 Nxd5 11. O-O Be6 12. Qc2 f5 13. Nxd5 Bxd5 14. Bc3 e4 15.
Ne5 exd3 16. Nxd3 Bxg2 17. Kxg2 Qd5+ 18. Kg1 Qe4 19. f3 Qe3+ 20. Rf2 c4 21. Bd2
Qd4 22. Nf4 Rbd8 23. e3 Qb6 24. Ne6 Rxd2 25. Qxd2 Rf7 26. Re2 Ne5 27. Qd5 Nc6
28. Qxc4 h6 29. Kg2 Bxa3 30. Nd4 Ne7 31. b4 a5 32. Nc2 Bxb4 33. Nxb4 axb4 34.
Rxb4 Qc6 35. Qb3 Nd5 36. Rd4 Nf6 37. Rd8+ Ne8 38. Rc2 1-0

[Event "?"]
[Site "?"]
[Date "2016.08.14"]
[Round "5.21"]
[White "Frühauf, Norbert"]
[Black "Sewald, Kathrin"]
[Result "1/2-1/2"]
[WhiteElo "1935"]
[BlackElo "1858"]
[PlyCount "88"]
[EventDate "2016.??.??"]
[WhiteTeam "SC Rottal-Inn"]
[BlackTeam "SG Porz"]

1. e4 e5 2. Bc4 Nc6 3. c3 Bc5 4. Ne2 Qf6 5. O-O d6 6. Ng3 h5 7. Qf3 h4 8. Ne2
h3 9. Re1 hxg2 10. Qxg2 Bh3 11. Qg3 Rh6 12. d4 Rg6 13. dxc5 Rxg3+ 14. Nxg3 Nge7
15. cxd6 cxd6 16. Be3 O-O-O 17. Nd2 Rh8 18. Bf1 Be6 19. Bg2 Qh4 20. Ndf1 Ng6
21. b4 Nf4 22. b5 Nxg2 23. Kxg2 Qh3+ 24. Kg1 Bg4 25. Nd2 Qxh2+ 26. Kf1 Na5 27.
c4 b6 28. Rec1 Nb7 29. a4 Na5 30. Rab1 Kb7 31. Nb3 Nxb3 32. Rxb3 Qh3+ 33. Ke1
Be6 34. Kd2 Rc8 35. Rb4 Qh4 36. a5 Qd8 37. axb6 axb6 38. Ra4 Ra8 39. Rca1 Rxa4
40. Rxa4 Qc7 41. Kd3 g6 42. Nf1 f5 43. f3 fxe4+ 44. fxe4 Qd8 1/2-1/2

[Event "?"]
[Site "?"]
[Date "2016.08.14"]
[Round "5.22"]
[White "Kemmler, Michael"]
[Black "Mandt, Joachim"]
[Result "1-0"]
[WhiteElo "1966"]
[BlackElo "1790"]
[PlyCount "77"]
[EventDate "2016.??.??"]
[WhiteTeam "vereinslos"]
[BlackTeam "SF Stadtverwaltung Bonn"]

1. e4 c5 2. Nf3 e6 3. d4 cxd4 4. Nxd4 Nc6 5. c4 Nf6 6. Nc3 a6 7. Be3 Qc7 8. Be2
d6 9. O-O Be7 10. f4 O-O 11. Qe1 Re8 12. Qg3 b6 13. Nxc6 Qxc6 14. e5 dxe5 15.
fxe5 Qc7 16. exf6 Qxg3 17. hxg3 Bxf6 18. Bxb6 Rb8 19. c5 Bd4+ 20. Kh2 e5 21.
Ne4 Re6 22. g4 Rh6+ 23. Kg3 Rg6 24. Nd6 Be6 25. Nf5 Bxf5 26. Rxf5 Re6 27. Bc4
Re7 28. Raf1 Rf8 29. Ba5 g6 30. Rf6 e4 31. Rxa6 Be5+ 32. Kf2 Kg7 33. Ke2 Bxb2
34. c6 Rc8 35. Rb6 Be5 36. Rb7 Bc7 37. Bxc7 Rcxc7 38. Rxc7 Rxc7 39. Rxf7+ 1-0